000 01486namaa22003131i 4500
005 20251215111847.0
008 251119s1995 ua a|||frm||| 000 0 eng d
040 _aEG-GICUC
_beng
_cEG-GICUC
_dEG-GICUC
_erda
041 0 _aeng
_beng
_bara
049 _aDeposit
097 _aM.Sc
099 _aCai01.12.20.M.Sc.1995.El.S
100 0 _aEl-Sayed Mohammed El-Sayed Ebeid,
_epreparation.
245 1 0 _aStudying the air pollutants in Helwan industrial area (EL- TABBIN) and it's relation with solar radiation and meteorological factors /
_cBy El-Sayed Mohammed El-Sayed Ebeid; Supervised By Dr. Y. A. Badr, Prof. Dr. Mosalam Shaltout.
246 1 5 _aدراسة الملوثات و العوالق الجوية بمنطقة التبين بحلوان الصناعية و علاقاتها بالاشعاع الشمسى و العوامل الجوية
264 0 _c1995.
300 _a104 Leaves :
_billustrations ;
_c30 cm. +
336 _2rda content
_atext
337 _2rdamedia
_aUnmediated
338 _2rdacarrier
_avolume
502 _aThesis (M.Sc.)-Cairo University, 1995.
504 _aBibliography: pages 98-104
653 0 _asolar radiation
_aair pollutants
_ameteorological factors
700 0 _aY. A. Badr
_ethesis advisor.
700 0 _aMosalam Shaltout
_ethesis advisor.
900 _DDepartment of Physics
_FFaculty of science
_UCairo University
_b1995.
_cY. A. Badr.
_cMosalam Shaltout.
_dY. A. Badr.
905 _aNermeen-A
_eNourhan
942 _2ddc
_cTH
_e21
_n0
999 _c176012